UBT Library

FEMINISM AND SOCIOLOGICAL THEORY (Record no. 60543)

000 -LEADER
fixed length control field 00325nam a22001457a 4500
008 - FIXED-LENGTH DATA ELEMENTS--GENERAL INFORMATION
fixed length control field 231127b ||||| |||| 00| 0 eng d
020 ## - INTERNATIONAL STANDARD BOOK NUMBER
International Standard Book Number 0803924968
041 ## - LANGUAGE CODE
Language code of text/sound track or separate title eng
080 ## - UNIVERSAL DECIMAL CLASSIFICATION NUMBER
Universal Decimal Classification number 316
082 ## - DEWEY DECIMAL CLASSIFICATION NUMBER
Classification number 316WAL
100 ## - Rafti
Rafti 24
101 ## - Shkurtesa
Shkurtesa SOCO
245 ## - TITLE STATEMENT
Title FEMINISM AND SOCIOLOGICAL THEORY
Statement of responsibility, etc WALLACE.A.R
942 ## - ADDED ENTRY ELEMENTS (KOHA)
Source of classification or shelving scheme
Item type Books
Holdings
Withdrawn status Lost status Source of classification or shelving scheme Damaged status Not for loan Collection code Permanent location Current location Date acquired Total Checkouts Full call number Barcode Date last seen Price effective from Koha item type
          Koleksioni i përgjithshem UBT - Lipjan UBT - Lipjan 11/27/2023   316WAL 002-800070501 11/27/2023 11/27/2023 Books
UBT Library © 2015-2024. All rights reserved University Education for Business and Technology